[Event "34 Open Internacional Ciudad de San Seba"]
[Site "Donostia-San Sebastian"]
[Date "2011.04.16"]
[Round "1"]
[White "Galarraga Lasa, Jon Gurutz"]
[Black "Alonso Arburu, Juan Ignacio"]
[Result "0-1"]
[WhiteElo "1819"]
[BlackElo "2367"]
[PlyCount "94"]
[EventDate "2011.04.16"]
[EventRounds "9"]
[EventCountry "ESP"]

1. d4 Nf6 2. Nf3 e6 3. Bf4 b6 4. e3 Bb7 5. Bd3 d6 6. Nbd2 Be7 7. c3 Nh5 8. Bg3
Nd7 9. Qe2 h6 10. e4 e5 11. dxe5 Nxg3 12. hxg3 dxe5 13. O-O-O Bf6 14. Bc2 Qe7
15. Kb1 O-O-O 16. Nf1 g6 17. Ne3 c6 18. Nc4 Nc5 19. b4 Ne6 20. Bb3 Ng5 21.
Rxd8+ Rxd8 22. Rxh6 c5 23. Nxg5 Bxg5 24. Rh7 cxb4 25. cxb4 Qxb4 26. Qg4+ Rd7
27. Qxg5 Qe1+ 28. Qc1 Bxe4+ 29. Kb2 Qxf2+ 30. Ka3 Qc5+ 31. Kb2 Kb8 32. Rh8+ Kb7
33. Qe3 Rd4 34. Re8 Rxc4 35. Re7+ Qxe7 36. Bxc4 Qb4+ 37. Bb3 Qd4+ 38. Qxd4 exd4
39. Bxf7 Kc6 40. Kc1 g5 41. Kd2 Bd5 42. Be8+ Kc5 43. a3 Bxg2 44. Ba4 Be4 45.
Bb3 b5 46. Bf7 a5 47. Be6 a4 0-1

[Event "34 Open Internacional Ciudad de San Seba"]
[Site "Donostia-San Sebastian"]
[Date "2011.04.16"]
[Round "1"]
[White "Nyysti, Sampsa"]
[Black "Saenz Zabala, Juan Ignacio"]
[Result "1-0"]
[WhiteElo "2365"]
[BlackElo "1812"]
[PlyCount "53"]
[EventDate "2011.04.16"]
[EventRounds "9"]
[EventCountry "ESP"]

1. e4 e5 2. Nf3 Nc6 3. Bb5 Bc5 4. c3 f5 5. d4 fxe4 6. dxc5 exf3 7. Qxf3 Nf6 8.
Bg5 O-O 9. Nd2 Qe8 10. O-O a6 11. Bd3 d5 12. cxd6 cxd6 13. Ne4 Nxe4 14. Qxe4
Bf5 15. Bc4+ Kh8 16. Qe3 h6 17. Bh4 g5 18. Bg3 Na5 19. Bd5 Nc6 20. h4 Qg6 21.
hxg5 hxg5 22. Qb6 Rab8 23. Rad1 Bd3 24. Rfe1 e4 25. Bxd6 Qxd6 26. Bxe4 Rxf2 27.
Qxf2 1-0

[Event "34 Open Internacional Ciudad de San Seba"]
[Site "Donostia-San Sebastian"]
[Date "2011.04.16"]
[Round "1"]
[White "Navascues Zabaleta, Jesus"]
[Black "Praveen Kumar, C."]
[Result "0-1"]
[WhiteElo "1799"]
[BlackElo "2352"]
[PlyCount "86"]
[EventDate "2011.04.16"]
[EventRounds "9"]
[EventCountry "ESP"]

1. e4 e6 2. d4 d5 3. e5 c5 4. c3 Nc6 5. Nf3 Bd7 6. Bd3 Rc8 7. O-O cxd4 8. cxd4
Nb4 9. Nc3 Nxd3 10. Qxd3 Ne7 11. Bf4 Nc6 12. a3 Be7 13. b4 a6 14. Rfc1 O-O 15.
Ne2 Na7 16. Rxc8 Nxc8 17. Rc1 Nb6 18. Nd2 Bb5 19. Qe3 Nc4 20. Nxc4 Bxc4 21. Nc3
a5 22. bxa5 Qxa5 23. Nb1 Ra8 24. Rc3 b5 25. Qc1 b4 26. axb4 Bxb4 27. Rc2 Qa1
28. Bd2 Bxd2 29. Rxd2 h6 30. h3 Ra2 31. Rd1 Bb3 32. Nc3 Bxd1 33. Nxa2 Qxd4 34.
Qc3 Qe4 35. Qd2 Bb3 36. Nc1 Bc4 37. Qc3 h5 38. f3 Qf4 39. Kf2 h4 40. Qe3 Qxe3+
41. Kxe3 Kh7 42. Nd3 Bxd3 43. Kxd3 Kg6 0-1

[Event "34 Open Internacional Ciudad de San Seba"]
[Site "Donostia-San Sebastian"]
[Date "2011.04.16"]
[Round "1"]
[White "Trepat Herranz, Joan"]
[Black "Vyvyan, Philippe"]
[Result "1-0"]
[WhiteElo "2343"]
[BlackElo "1789"]
[PlyCount "105"]
[EventDate "2011.04.16"]
[EventRounds "9"]
[EventCountry "ESP"]

1. d4 g6 2. c4 Nf6 3. g3 Bg7 4. Bg2 d5 5. cxd5 Nxd5 6. Nf3 O-O 7. O-O Nc6 8.
Nc3 Nb6 9. e3 Be6 10. b3 h6 11. Bb2 a5 12. Ne4 a4 13. Nc5 Bc8 14. bxa4 Nc4 15.
Bc3 b6 16. Nd3 Ba6 17. Re1 Rc8 18. Rc1 Qd6 19. d5 N6e5 20. Ndxe5 Nxe5 21. Nxe5
Bxe5 22. Bxe5 Qxe5 23. Qd2 Bb7 24. e4 Kh7 25. Qb4 Ra8 26. Re3 Qd6 27. Qxd6 cxd6
28. Rc7 Bc8 29. Rxe7 Rxa4 30. a3 Rc4 31. h3 Kg8 32. f4 Rc1+ 33. Kf2 Ba6 34. e5
Rc2+ 35. Kg1 dxe5 36. fxe5 Rfc8 37. Rf3 Rc1+ 38. Bf1 Bxf1 39. Rxf1 R1c3 40. Kg2
Rxa3 41. Rexf7 Rc2+ 42. R7f2 Raa2 43. Rxc2 Rxc2+ 44. Kf3 Kf7 45. Ke4+ Ke7 46.
d6+ Kd7 47. Rf7+ Ke8 48. Re7+ Kf8 49. Rb7 Rc4+ 50. Kd5 Rb4 51. Ke6 b5 52. d7
Rd4 53. Rb8+ 1-0

[Event "34 Open Internacional Ciudad de San Seba"]
[Site "Donostia-San Sebastian"]
[Date "2011.04.16"]
[Round "1"]
[White "Iglesias Gonzalez, Veronica"]
[Black "Abello, Sebastien"]
[Result "0-1"]
[WhiteElo "1785"]
[BlackElo "2337"]
[PlyCount "122"]
[EventDate "2011.04.16"]
[EventRounds "9"]
[EventCountry "ESP"]

1. c4 e5 2. Nc3 Nc6 3. Nf3 f5 4. d3 Nf6 5. Bg5 Bb4 6. Nd2 Bxc3 7. bxc3 h6 8.
Bxf6 Qxf6 9. Qb3 b6 10. e4 Bb7 11. c5 Rf8 12. f3 Qh4+ 13. g3 Qg5 14. cxb6 axb6
15. Be2 Qe3 16. Nc4 Qc5 17. Qb2 fxe4 18. fxe4 Ba6 19. Rf1 Rxf1+ 20. Kxf1 Bxc4
21. dxc4 Qe3 22. Qc2 Ra3 23. Bh5+ Ke7 24. Rd1 Rxc3 25. Qg2 Rc1 26. Qf2 Qxf2+
27. Kxf2 Rxd1 28. Bxd1 Na5 29. Be2 Kd6 30. Ke3 Kc5 31. Kd3 Nxc4 32. Kc3 Nd6 33.
Bf3 Nb5+ 34. Kd3 Kb4 35. Bg4 d6 36. Bd7 Nd4 37. Be8 Ka3 38. Bf7 b5 39. Kc3 c5
40. g4 c4 41. Bxc4 bxc4 42. Kxc4 Nf3 43. h3 Nd2+ 44. Kd5 Nxe4 45. Kxe4 Kxa2 46.
h4 Kb3 47. Kf5 e4 48. Kxe4 Kc4 49. g5 hxg5 50. hxg5 d5+ 51. Kf5 d4 52. Kg6 d3
53. Kxg7 d2 54. g6 d1=Q 55. Kg8 Qd5+ 56. Kh8 Qh5+ 57. Kg7 Kd5 58. Kf6 Qe5+ 59.
Kf7 Qe6+ 60. Kg7 Ke5 61. Kh7 Kf6 0-1

[Event "34 Open Internacional Ciudad de San Seba"]
[Site "Donostia-San Sebastian"]
[Date "2011.04.16"]
[Round "1"]
[White "Cruz-Lopez Claret, Carlos"]
[Black "Izagirre Alsua, Aritz"]
[Result "1-0"]
[WhiteElo "2326"]
[BlackElo "1785"]
[PlyCount "54"]
[EventDate "2011.04.16"]
[EventRounds "9"]
[EventCountry "ESP"]

1. d4 g6 2. c4 Nf6 3. Nc3 d6 4. e4 Bg7 5. f4 O-O 6. Nf3 c5 7. d5 e6 8. Be2 exd5
9. cxd5 Re8 10. e5 dxe5 11. fxe5 Ng4 12. Bg5 Qa5 13. O-O h6 14. Bf4 g5 15. Bd2
Nxe5 16. Nxe5 Bxe5 17. Rxf7 Bd4+ 18. Kh1 Kxf7 19. Bh5+ Kg7 20. Bxe8 Nd7 21. Qh5
Ne5 22. Bxg5 hxg5 23. Qxg5+ Kf8 24. Rf1+ Kxe8 25. Qg8+ Kd7 26. Qg7+ Nf7 27.
Rxf7+ Kd6 1-0

[Event "34 Open Internacional Ciudad de San Seba"]
[Site "Donostia-San Sebastian"]
[Date "2011.04.16"]
[Round "1"]
[White "Cantabrana Garona, Alejandro"]
[Black "Martin Alvarez, Inigo"]
[Result "0-1"]
[WhiteElo "1774"]
[BlackElo "2316"]
[PlyCount "72"]
[EventDate "2011.04.16"]
[EventRounds "9"]
[EventCountry "ESP"]

1. c4 d6 2. d4 g6 3. g3 Bg7 4. Nf3 e5 5. dxe5 dxe5 6. Qxd8+ Kxd8 7. Nc3 Be6 8.
e4 f6 9. Be3 Nd7 10. c5 Bh6 11. Bxh6 Nxh6 12. Rd1 c6 13. b4 Ke7 14. Nd2 a5 15.
a3 axb4 16. axb4 Ra3 17. Rc1 Rha8 18. Be2 Bh3 19. f3 Be6 20. O-O Nf7 21. Rfd1
Nf8 22. Kf2 h5 23. f4 Rd8 24. h4 Nh6 25. f5 gxf5 26. Bxh5 Ng4+ 27. Bxg4 fxg4
28. b5 Nd7 29. bxc6 bxc6 30. Ndb1 Ra1 31. Nd5+ cxd5 32. exd5 Bf5 33. d6+ Ke6
34. c6 Nb6 35. c7 Rxd6 36. Rxd6+ Kxd6 0-1

[Event "34 Open Internacional Ciudad de San Seba"]
[Site "Donostia-San Sebastian"]
[Date "2011.04.16"]
[Round "1"]
[White "Piasetski, Leon"]
[Black "Rodriguez Montes, Sostenes"]
[Result "1-0"]
[WhiteElo "2299"]
[BlackElo "1770"]
[PlyCount "74"]
[EventDate "2011.04.16"]
[EventRounds "9"]
[EventCountry "ESP"]

1. c4 Nf6 2. Nc3 c5 3. g3 Nc6 4. Bg2 g6 5. e3 Bg7 6. Nge2 O-O 7. d4 d6 8. O-O
a6 9. b3 Rb8 10. Bb2 Bd7 11. dxc5 dxc5 12. Na4 b6 13. Nf4 Qc8 14. Bxf6 Bxf6 15.
Nd5 Bxa1 16. Naxb6 Bg4 17. f3 Qe6 18. fxg4 Rxb6 19. Nxb6 Bg7 20. Nd5 Ne5 21. g5
h6 22. Nf4 Qg4 23. gxh6 Bxh6 24. Qd5 Qg5 25. h4 Qf5 26. e4 Qf6 27. Nd3 Be3+ 28.
Kh1 e6 29. Qxe5 Qe7 30. Nf4 Bd4 31. Qg5 Qxg5 32. hxg5 Kg7 33. Bf3 Be3 34. Rd1
e5 35. Ne2 Bxg5 36. Rd5 Be3 37. Rxe5 Rd8 1-0

[Event "34 Open Internacional Ciudad de San Seba"]
[Site "Donostia-San Sebastian"]
[Date "2011.04.16"]
[Round "1"]
[White "Espin Laborde, Jesus Maria"]
[Black "Rabineau, Clement"]
[Result "0-1"]
[WhiteElo "1762"]
[BlackElo "2291"]
[PlyCount "50"]
[EventDate "2011.04.16"]
[EventRounds "9"]
[EventCountry "ESP"]

1. e4 e5 2. f4 exf4 3. Nf3 Ne7 4. d4 Ng6 5. Bc4 Be7 6. O-O d6 7. Nc3 O-O 8. Nd5
Be6 9. Bb3 Bxd5 10. Bxd5 c6 11. Bb3 Nd7 12. Kh1 Nf6 13. Qd3 d5 14. exd5 Nxd5
15. Ne5 Nxe5 16. dxe5 g5 17. Qe4 Bc5 18. c3 Qe7 19. Bxd5 cxd5 20. Qxd5 Rad8 21.
Qe4 Rfe8 22. b4 Bd6 23. Bb2 Qxe5 24. Qxb7 f3 25. Qxf3 Qxh2# 0-1

[Event "34 Open Internacional Ciudad de San Seba"]
[Site "Donostia-San Sebastian"]
[Date "2011.04.16"]
[Round "1"]
[White "Hernandez, Elvis"]
[Black "Marin Salvador, Ruben"]
[Result "1-0"]
[WhiteElo "2276"]
[BlackElo "1745"]
[PlyCount "37"]
[EventDate "2011.04.16"]
[EventRounds "9"]
[EventCountry "ESP"]

1. e4 e6 2. d4 d5 3. Nc3 Nf6 4. e5 Nfd7 5. f4 c5 6. Nce2 Nc6 7. Nf3 Qb6 8. g3
cxd4 9. Nexd4 Bc5 10. c3 O-O 11. Bh3 Nxd4 12. cxd4 Bb4+ 13. Kf2 f6 14. Kg2 fxe5
15. fxe5 Rxf3 16. Qxf3 Nf8 17. Rf1 Bd7 18. a3 Bb5 19. Rf2 1-0

[Event "34 Open Internacional Ciudad de San Seba"]
[Site "Donostia-San Sebastian"]
[Date "2011.04.16"]
[Round "1"]
[White "Delgado, Manuel"]
[Black "Prosviriakov, Vladimir"]
[Result "0-1"]
[WhiteElo "1568"]
[BlackElo "2254"]
[PlyCount "64"]
[EventDate "2011.04.16"]
[EventRounds "9"]
[EventCountry "ESP"]

1. e4 e5 2. Nf3 d6 3. Nc3 Nc6 4. Bb5 Bd7 5. d4 Nf6 6. Bg5 Be7 7. O-O h6 8. Bh4
O-O 9. dxe5 dxe5 10. a3 Qe8 11. Qe2 Nd4 12. Nxd4 exd4 13. Bxd7 Nxd7 14. Bxe7
Qxe7 15. Nd5 Qd6 16. Rad1 c6 17. Ne3 Rae8 18. Nf5 Qf4 19. Rfe1 c5 20. Rd3 Kh7
21. Rf3 Qe5 22. Qb5 Qc7 23. Rg3 g6 24. Nh4 Nf6 25. Qd3 Qf4 26. Nxg6 fxg6 27. e5
Qf5 28. Qxf5 gxf5 29. e6 Re7 30. Re5 Ng4 31. Rxc5 Rxe6 32. Kf1 Rfe8 0-1

[Event "34 Open Internacional Ciudad de San Seba"]
[Site "Donostia-San Sebastian"]
[Date "2011.04.17"]
[Round "2"]
[White "Prosviriakov, Vladimir"]
[Black "Spraggett, Kevin"]
[Result "0-1"]
[WhiteElo "2254"]
[BlackElo "2576"]
[PlyCount "78"]
[EventDate "2011.04.16"]
[EventRounds "9"]
[EventCountry "ESP"]

1. e4 c5 2. Ne2 e6 3. Nbc3 Nc6 4. g3 a6 5. Bg2 b5 6. d4 cxd4 7. Nxd4 Bb7 8. O-O
Nxd4 9. Qxd4 Ne7 10. Bf4 Nc6 11. Qd2 Na5 12. a4 b4 13. Ne2 Rc8 14. b3 Bc5 15.
Rad1 d6 16. e5 Bxg2 17. Kxg2 d5 18. Nc1 Nc6 19. Qe2 a5 20. Qg4 g6 21. Nd3 h5
22. Qe2 Nd4 23. Qd2 Nf5 24. h3 Be7 25. h4 d4 26. Nb2 Qd5+ 27. f3 Rc3 28. Nc4 d3
29. Qe1 Rxc2+ 30. Rf2 Rxf2+ 31. Qxf2 O-O 32. Qb6 Rc8 33. Qa6 Rc5 34. Rd2 Qd4
35. Qa8+ Kg7 36. Qe8 Rxc4 37. bxc4 Bc5 38. Qc6 Qg1+ 39. Kh3 Be3 0-1

[Event "34 Open Internacional Ciudad de San Seba"]
[Site "Donostia-San Sebastian"]
[Date "2011.04.17"]
[Round "2"]
[White "Korchnoi, Viktor"]
[Black "Lillo Castay, Victor"]
[Result "1-0"]
[WhiteElo "2557"]
[BlackElo "2281"]
[PlyCount "53"]
[EventDate "2011.04.16"]
[EventRounds "9"]
[EventCountry "ESP"]

1. d4 Nf6 2. c4 e6 3. Nc3 Bb4 4. e3 O-O 5. Nge2 d5 6. a3 Be7 7. Nf4 c6 8. Bd3
Nbd7 9. cxd5 exd5 10. Qf3 Re8 11. g4 Nf8 12. g5 Ne4 13. h4 Qa5 14. Bd2 Nxd2 15.
Kxd2 Qb6 16. Kc2 a5 17. Rhg1 Qd8 18. Qg3 b5 19. h5 Bd6 20. Qf3 Ra7 21. g6 fxg6
22. hxg6 h6 23. Nh5 Qe7 24. Rg2 Be6 25. Ne2 b4 26. Nef4 Bc8 27. Nxg7 1-0

[Event "34 Open Internacional Ciudad de San Seba"]
[Site "Donostia-San Sebastian"]
[Date "2011.04.17"]
[Round "2"]
[White "Krulich, Roman"]
[Black "Narciso Dublan, Marc"]
[Result "0-1"]
[WhiteElo "2225"]
[BlackElo "2551"]
[PlyCount "92"]
[EventDate "2011.04.16"]
[EventRounds "9"]
[EventCountry "ESP"]

1. e4 c6 2. Nf3 d5 3. exd5 cxd5 4. Ne5 Nc6 5. d4 g6 6. c3 Bg7 7. f4 Nh6 8. Bd3
O-O 9. O-O Bf5 10. Na3 f6 11. Nf3 e6 12. Re1 Re8 13. Be3 Qb6 14. Bxf5 Nxf5 15.
Qb3 Qc7 16. g3 Bf8 17. Bf2 Na5 18. Qa4 Bxa3 19. Qxa3 Nc4 20. Qc5 Qd7 21. Qb4
Nfd6 22. Qb3 Ne4 23. Qc2 b5 24. Rac1 Rec8 25. b3 Ncd6 26. Qd3 Rc6 27. Rc2 Rac8
28. Rec1 R8c7 29. Nd2 Nxd2 30. Qxd2 Qc8 31. Be1 Ne4 32. Qd3 a6 33. Kg2 f5 34.
a3 Qb7 35. Kg1 a5 36. c4 bxc4 37. bxc4 Qa6 38. Qb3 dxc4 39. Qa4 c3 40. Bxc3 Qc8
41. Qxa5 Nxc3 42. Kf1 Nd5 43. Rc5 Rxc5 44. dxc5 Qb7 45. Qa4 Ne3+ 46. Ke1 Qb2
0-1

[Event "34 Open Internacional Ciudad de San Seba"]
[Site "Donostia-San Sebastian"]
[Date "2011.04.17"]
[Round "2"]
[White "Dgebuadze, Alexandre"]
[Black "Hernandez, Elvis"]
[Result "1-0"]
[WhiteElo "2544"]
[BlackElo "2276"]
[PlyCount "73"]
[EventDate "2011.04.16"]
[EventRounds "9"]
[EventCountry "ESP"]

1. d4 d5 2. Nf3 Nf6 3. Bg5 Ne4 4. Bh4 Qd6 5. c3 Nc6 6. Nbd2 Bf5 7. e3 e6 8. Qb3
Be7 9. Nxe4 dxe4 10. Bg3 Qd7 11. Nd2 O-O 12. Be2 Rab8 13. Qc2 Bg6 14. b4 Rfc8
15. O-O f5 16. b5 Nd8 17. c4 Be8 18. c5 Ra8 19. a4 Bf6 20. Rad1 Qe7 21. Nc4 Nf7
22. f3 e5 23. dxe5 Nxe5 24. Nxe5 Bxe5 25. Bxe5 Qxe5 26. fxe4 Bg6 27. exf5 Qxe3+
28. Kh1 Bf7 29. f6 Rd8 30. fxg7 Rxd1 31. Bxd1 Rd8 32. Qf5 Qe6 33. Qf2 b6 34.
cxb6 cxb6 35. h3 Kxg7 36. Bb3 Qxb3 37. Qf6+ 1-0

[Event "34 Open Internacional Ciudad de San Seba"]
[Site "Donostia-San Sebastian"]
[Date "2011.04.17"]
[Round "2"]
[White "Ibar, Marcelo"]
[Black "Sebenik, Matej"]
[Result "0-1"]
[WhiteElo "2217"]
[BlackElo "2530"]
[PlyCount "92"]
[EventDate "2011.04.16"]
[EventRounds "9"]
[EventCountry "ESP"]

1. e4 e6 2. d4 d5 3. Nd2 Nf6 4. e5 Nfd7 5. Bd3 c5 6. c3 Nc6 7. Ne2 cxd4 8. cxd4
f6 9. exf6 Nxf6 10. Nf3 Bd6 11. Bf4 Qa5+ 12. Qd2 Bb4 13. Nc3 O-O 14. O-O Nh5
15. Be3 Bd6 16. Nb5 Qxd2 17. Bxd2 Bb8 18. Rfe1 a6 19. Na3 Ba7 20. Nc2 h6 21.
Bc3 Nf4 22. Bf1 Nh3+ 23. gxh3 Rxf3 24. Bg2 Rf4 25. Rad1 Bd7 26. Bd2 Rh4 27. Be3
Be8 28. Rd2 Bg6 29. Red1 Rf8 30. Ne1 Bh5 31. f3 e5 32. Bf2 Bxd4 33. Rxd4 Rxd4
34. Bxd4 Nxd4 35. Rd3 Ne2+ 36. Kf2 Nf4 37. Rb3 Rf7 38. Bf1 e4 39. Kg3 Ne6 40.
Rb6 Nd4 41. Bg2 e3 42. Rb4 Ne2+ 43. Kh4 Rf4+ 44. Rxf4 Nxf4 45. Bf1 e2 46. Bxe2
g5+ 0-1

[Event "34 Open Internacional Ciudad de San Seba"]
[Site "Donostia-San Sebastian"]
[Date "2011.04.17"]
[Round "2"]
[White "Guijarro Galan, Jose Luis"]
[Black "Alvarez Pedraza, Aramis"]
[Result "0-1"]
[WhiteElo "2206"]
[BlackElo "2515"]
[PlyCount "94"]
[EventDate "2011.04.16"]
[EventRounds "9"]
[EventCountry "ESP"]

1. e4 c5 2. Nf3 e6 3. b4 b6 4. bxc5 bxc5 5. g3 Bb7 6. d3 g6 7. Bb2 Nf6 8. Nbd2
Bg7 9. Rb1 Bc6 10. Bg2 d6 11. O-O e5 12. Nh4 O-O 13. Nc4 Ne8 14. Ne3 Nd7 15. c3
Rb8 16. Qd2 Qa5 17. Ba1 Rxb1 18. Rxb1 Nb6 19. Rd1 c4 20. dxc4 Qc5 21. Qe2 Nf6
22. Nd5 Nxc4 23. Bf1 Bxd5 24. exd5 Rc8 25. Ng2 Bh6 26. Ne1 Nb6 27. Bh3 Rc7 28.
Bg2 Qc4 29. Qxc4 Rxc4 30. Nd3 Ra4 31. c4 Nxc4 32. f4 Rxa2 33. Re1 Ng4 34. fxe5
Nce3 35. exd6 Rxg2+ 36. Kh1 Rxh2+ 37. Kg1 Rg2+ 38. Kh1 Rd2 39. d7 Bg5 40. Rb1
Rd1+ 41. Rxd1 Nxd1 42. Bd4 Nde3 43. d6 Nc4 44. Bxa7 Nxd6 45. Nc5 Bd8 46. Bb8
Nf2+ 47. Kg2 Nfe4 0-1

[Event "34 Open Internacional Ciudad de San Seba"]
[Site "Donostia-San Sebastian"]
[Date "2011.04.17"]
[Round "2"]
[White "San Segundo Carrillo, Pablo"]
[Black "Prieto Aranguren, Alain"]
[Result "1/2-1/2"]
[WhiteElo "2513"]
[BlackElo "2219"]
[PlyCount "58"]
[EventDate "2011.04.16"]
[EventRounds "9"]
[EventCountry "ESP"]

1. d4 b5 2. Nf3 Bb7 3. e3 a6 4. a4 b4 5. a5 e6 6. Nbd2 Nf6 7. Bd3 d5 8. c4 c5
9. cxd5 exd5 10. dxc5 Bxc5 11. Nb3 Bd6 12. O-O O-O 13. Bd2 Ne4 14. Be1 Qe7 15.
Nfd4 g6 16. f3 Nc5 17. Nxc5 Bxc5 18. Bf2 Nd7 19. Re1 Ne5 20. Bf1 Rac8 21. Qb3
Bd6 22. Bg3 Rc7 23. Rec1 Rfc8 24. Rxc7 Rxc7 25. Nc2 Nc6 26. Bxd6 Qxd6 27. Rd1
Rd7 28. Bd3 Qe7 29. Qa4 Rc7 {Ilegible} 1/2-1/2

[Event "34 Open Internacional Ciudad de San Seba"]
[Site "Donostia-San Sebastian"]
[Date "2011.04.17"]
[Round "2"]
[White "Zysko, Jan"]
[Black "Andres Gonzalez, Alberto"]
[Result "0-1"]
[WhiteElo "2168"]
[BlackElo "2503"]
[PlyCount "132"]
[EventDate "2011.04.16"]
[EventRounds "9"]
[EventCountry "ESP"]

1. d4 Nf6 2. c4 e6 3. g3 d5 4. Bg2 c6 5. Nf3 Nbd7 6. O-O Be7 7. Nbd2 O-O 8. b3
b6 9. Bb2 Bb7 10. e3 Rc8 11. Qe2 Qc7 12. Rfd1 Qb8 13. e4 Nxe4 14. Nxe4 dxe4 15.
Qxe4 c5 16. Qe2 Bf6 17. Ne5 Bxe5 18. dxe5 Rfd8 19. Bxb7 Qxb7 20. Rd6 Nf8 21.
Rad1 Rxd6 22. Rxd6 Rc7 23. Qd3 Rd7 24. Rxd7 Nxd7 25. f3 Qc7 26. Kf2 h6 27. Qe4
Nb8 28. Qa8 g6 29. Bc3 Kg7 30. Qe4 Nc6 31. Ke3 Qd7 32. Qd3 Qe7 33. Qe4 Qe8 34.
Qf4 Qd7 35. Qe4 Ne7 36. Qd3 Qc7 37. Ke2 g5 38. Qd6 Qb7 39. Qd8 g4 40. fxg4 Qg2+
41. Kd3 Ng8 42. g5 h5 43. g6 Qxh2 44. Be1 Qxa2 45. gxf7 Qxb3+ 46. Bc3 Qd1+ 47.
Bd2 Qf3+ 48. Kc2 Qxf7 49. Bg5 Qf5+ 50. Kb3 Qb1+ 51. Kc3 Qb4+ 52. Kd3 Qb3+ 53.
Kd2 Qb2+ 54. Kd1 Qxe5 55. Bd2 Nf6 56. Qe7+ Kg6 57. Qxa7 Qxg3 58. Qxb6 Qg4+ 59.
Ke1 Qxc4 60. Qd8 Qe4+ 61. Kd1 h4 62. Qf8 Qf3+ 63. Kc1 h3 64. Qh6+ Kf5 65. Be3
Qg3 66. Bxc5 Qf4+ 0-1

[Event "34 Open Internacional Ciudad de San Seba"]
[Site "Donostia-San Sebastian"]
[Date "2011.04.17"]
[Round "2"]
[White "Pap, Misa"]
[Black "Pressman, Leif"]
[Result "1-0"]
[WhiteElo "2496"]
[BlackElo "2198"]
[PlyCount "41"]
[EventDate "2011.04.16"]
[EventRounds "9"]
[EventCountry "ESP"]

1. e4 e5 2. Nf3 Nc6 3. Bc4 Nf6 4. d4 exd4 5. e5 Ng4 6. O-O Be7 7. Bf4 g5 8. Bg3
h5 9. Bd5 Nb4 10. Bb3 d3 11. Nc3 h4 12. Nxh4 gxh4 13. Qxg4 hxg3 14. Bxf7+ Kf8
15. fxg3 Bg5 16. Qxb4+ Qe7 17. Bh5+ Kg8 18. Qc4+ d5 19. Nxd5 Qxe5 20. Nf6+ Kg7
21. Qf7+ 1-0

[Event "34 Open Internacional Ciudad de San Seba"]
[Site "Donostia-San Sebastian"]
[Date "2011.04.17"]
[Round "2"]
[White "Pastor Pons, Pedro Maria"]
[Black "Franco Alonso, Alejandro"]
[Result "0-1"]
[WhiteElo "2156"]
[BlackElo "2489"]
[PlyCount "80"]
[EventDate "2011.04.16"]
[EventRounds "9"]
[EventCountry "ESP"]

1. e4 c5 2. Nc3 Nc6 3. g3 g6 4. Bg2 Bg7 5. Nge2 e6 6. O-O Nge7 7. d3 O-O 8. Bg5
h6 9. Be3 Nd4 10. Qd2 Kh7 11. f4 d6 12. Nd1 Bd7 13. c3 Nxe2+ 14. Qxe2 Bc6 15.
d4 b6 16. Nf2 Qc7 17. b4 cxb4 18. cxb4 Qd7 19. Rfd1 Ba4 20. Rdc1 Rac8 21. Bf1
f5 22. Qa6 fxe4 23. Nxe4 Nf5 24. Qd3 Bc2 25. Rxc2 Rxc2 26. Qxc2 Nxe3 27. Qd3
Nf5 28. Re1 Nxd4 29. Bh3 Qc7 30. Nd2 e5 31. fxe5 dxe5 32. Bg2 Qf7 33. Rf1 Qxa2
34. Rxf8 Bxf8 35. Be4 Kg7 36. b5 Bc5 37. Kh1 Qa1+ 38. Nf1 Qb2 39. Bc6 Qf2 40.
Nd2 Nxc6 0-1

[Event "34 Open Internacional Ciudad de San Seba"]
[Site "Donostia-San Sebastian"]
[Date "2011.04.17"]
[Round "2"]
[White "Starostits, Ilmars"]
[Black "Aranaz Murillo, Amalia"]
[Result "1-0"]
[WhiteElo "2486"]
[BlackElo "2164"]
[PlyCount "95"]
[EventDate "2011.04.16"]
[EventRounds "9"]
[EventCountry "ESP"]

1. e4 c6 2. d4 d5 3. e5 Bf5 4. Nf3 e6 5. Be2 c5 6. Be3 cxd4 7. Nxd4 Ne7 8. f4
Nbc6 9. Nxf5 Nxf5 10. Bf2 Qa5+ 11. Qd2 Bc5 12. Qxa5 Bxf2+ 13. Kxf2 Nxa5 14. Bd3
Ne7 15. Nc3 O-O 16. Nb5 a6 17. Nd4 Nac6 18. c3 Nxd4 19. cxd4 Nc6 20. Ke3 Nb4
21. a3 Nxd3 22. Kxd3 Rfc8 23. Rac1 Kf8 24. g4 Ke7 25. f5 Kd7 26. Rcf1 Rc7 27.
Rf2 Rh8 28. Rhf1 h5 29. g5 exf5 30. Rxf5 Ke6 31. g6 fxg6 32. Rg5 Rh6 33. Rf8
Rf7 34. Rd8 Rf3+ 35. Ke2 Rb3 36. Rd6+ Ke7 37. Rxd5 Rxb2+ 38. Ke3 Rxh2 39. Rc5
Ra2 40. Rc7+ Ke6 41. Rxb7 h4 42. Rb6+ Kf7 43. e6+ Ke7 44. Rd5 Rxa3+ 45. Ke4 g5
46. Rd7+ Kf6 47. Rf7+ Kg6 48. Rf8 1-0

[Event "34 Open Internacional Ciudad de San Seba"]
[Site "Donostia-San Sebastian"]
[Date "2011.04.17"]
[Round "2"]
[White "Tratar, Marko"]
[Black "Verkasalo, Tommi"]
[Result "1-0"]
[WhiteElo "2482"]
[BlackElo "2156"]
[PlyCount "79"]
[EventDate "2011.04.16"]
[EventRounds "9"]
[EventCountry "ESP"]

1. d4 c5 2. d5 Nf6 3. Nf3 d6 4. c4 g6 5. Nc3 Bg7 6. h3 O-O 7. e4 e6 8. Bd3 exd5
9. exd5 Re8+ 10. Be3 Nbd7 11. O-O a6 12. Bf4 Ne5 13. Nxe5 dxe5 14. Bg5 Bf5 15.
Bxf5 gxf5 16. a4 Qb6 17. Qc2 e4 18. a5 Qd6 19. Ne2 Nh5 20. Qd2 Be5 21. f4 Bh8
22. Ra3 h6 23. Bh4 Kh7 24. Rb3 Qd7 25. Qe3 Qa4 26. Rxb7 Qxc4 27. Rxf7+ Kg6 28.
Rc7 Qxd5 29. g4 Bd4 30. gxh5+ Kxh5 31. Nxd4 cxd4 32. Qe1 Rg8+ 33. Bg3 Rab8 34.
Qe2+ Kg6 35. Qxa6+ Kh5 36. Qe2+ Kg6 37. Rfc1 Rg7 38. Qa6+ Kh7 39. Rxg7+ Kxg7
40. Rc7+ 1-0

[Event "34 Open Internacional Ciudad de San Seba"]
[Site "Donostia-San Sebastian"]
[Date "2011.04.17"]
[Round "2"]
[White "Lillo Ferrer, Jose Maria M"]
[Black "Kalegin, Evgenij"]
[Result "0-1"]
[WhiteElo "2151"]
[BlackElo "2473"]
[PlyCount "120"]
[EventDate "2011.04.16"]
[EventRounds "9"]
[EventCountry "ESP"]

1. d4 d6 2. e4 a6 3. a4 g6 4. Nf3 Bg7 5. Bd3 e5 6. Bg5 Ne7 7. dxe5 dxe5 8. O-O
h6 9. Be3 O-O 10. Na3 Nbc6 11. c3 Be6 12. Qe2 Qc8 13. Bc4 b6 14. Rad1 Bxc4 15.
Qxc4 Na5 16. Qa2 Qe8 17. Nc4 Nxc4 18. Qxc4 Qc6 19. Qxc6 Nxc6 20. Rd7 Rac8 21.
Rfd1 Rfd8 22. Kf1 Kf8 23. Rxd8+ Rxd8 24. Rxd8+ Nxd8 25. Nd2 Ke7 26. Nc4 f5 27.
g3 Ne6 28. f3 f4 29. Bf2 h5 30. g4 hxg4 31. fxg4 g5 32. Ke2 Kd7 33. b4 Bf6 34.
Kd3 Nd8 35. a5 b5 36. Nd2 Be7 37. Nf3 Nf7 38. Nd2 c5 39. bxc5 Kc6 40. Nb3 Nd8
41. c4 b4 42. Be1 Bxc5 43. h4 gxh4 44. Bxh4 Ne6 45. Nd2 Bd6 46. Bf6 Nc5+ 47.
Kc2 Kd7 48. Bh4 Ne6 49. Kd3 Nc5+ 50. Kc2 Ne6 51. Kd3 Be7 52. Bf2 Bc5 53. Bh4
Bd4 54. Nb3 Nc5+ 55. Nxc5+ Bxc5 56. Be1 f3 57. Bg3 Ke6 58. g5 f2 59. Ke2 b3 60.
g6 b2 0-1